Statistics for Gossip Girl quiz

Click here to take the quiz!

General Stats

  • This quiz has been taken 1,008 times
  • The average score is 9 of 16

Answer Stats

Hint Answer % Correct
How many times was Lily married?5
86%
Who is Blair's house keeper?Dorota
84%
Who submitted Dan's first book with out his permission?Vanessa
81%
What is Jenny's nickname?Little J
78%
What school did the girls go to?Constance
76%
Who was the queen?Blair Waldorf
72%
Dan Humphrey's first bookInside
62%
Who is the voice of Gossip Girl?Kristen Bell
62%
Who did the queen crown after he graduation?Jenny Humphrey
60%
What sport did Nate Archibald play?Lacrosse
58%
What school did the guys go to?St. Judes
57%
Who pretends to be Serena's cousin?Ivy Dickens
50%
Who takes over Gossip Girl before Serena?Georgina Sparks
45%
Where does Jenny move to once exiled from the city?Hudson
29%
What historical family is Nate a part of?Vanderbilts
26%
Who is Serena's father?William Van Der Woodson
15%

Score Distribution

Percentile by Number Answered

Percent of People with Each Score

Your Score History

You have not taken this quiz